000 00634nam a22002417a 4500
003 UA-OsUOA
001 27859
007 ta
008 20040915b un ||||| |||| 00| 0 ukr d
090 _a792.7
_bС81
942 _cBK
040 _aUA-OsUOA
_brus
_cUA-OsUOA
_dUA-OsUOA
245 _aСто фотографий Леонида Утесова
_bАльбом
_cСост. Б.С.Амчиславский
300 _a128 с.
_bІлюстрації
955 _a0
041 _arus
080 _a792.7
020 _a5-7707-6630-1
260 _aОдесса
_bОКФА
_c1995
044 _aRU
650 7 _2UDC
999 _c314211
_d314211